000 00434nam a2200181Ia 4500
001 15548
005 20260306170204.0
008 260306t2008||||xx |||||||||||||| ||und||
041 _aESP
082 _a544
_bT35
100 _aTéllez Ariso, Carlos
_eAUT
245 0 _aProblemas de transferencia de materia
260 _c2008
300 _a177 páginas :
_c23 cm.
650 _aGEN
654 _aCCN
942 _cLIB
_dJUS
_fJUS
_2ddc
_n
999 _c15548
_d15548